000 00496nam a2200181Ia 4500
005 20250326125351.0
008 250326s9999 xx 000 0 und d
037 _aTextbook
040 _aFMSL
_beng
_cFMSL
041 _aeng
_2eng
084 _aX8(F94).44 L1
_qFMSL
100 _aDasgupta B
_9129437
245 0 _aOil industry in India
_cDasgupta B
260 _aLondon
_bLondon, Frank Cass
_c1971
300 _a257p
942 _cTB
_hX8(F94).44 L1
999 _c1277725
_d1277725